Realms of the Pacific /

Saved in:
Bibliographic Details
Corporate Author: Ulster Museum.
Other Authors: Glover, Winifred.
Format: Book
Language:English
Published: Belfast : Ulster Museum, 1994.
Series:Ulster Museum publication ; no. 272.
Subjects:
Tags: Add Tag
No Tags, Be the first to tag this record!
LEADER 00979pam a2200337 a 4500
001 006242581-1
005 20020606163548.3
008 950424s1994 nika bc 000 0 eng d
010 |a gb 95030085  
015 |a GB95-30085 
020 |a 0900761296 (pbk) 
035 0 |a ocm32273703 
040 |a UKM  |c UKM  |d TOZ 
043 |a po-----  |a e-uk-ni 
050 4 |a GN662  |b .G56 1994 
082 0 4 |a 709.95  |2 20 
110 2 |a Ulster Museum. 
245 1 0 |a Realms of the Pacific /  |c Winifred Glover. 
260 |a Belfast :  |b Ulster Museum,  |c 1994. 
300 |a 74 p. :  |b ill. (some col.) ;  |c 21 x 30 cm. 
490 1 |a Ulster Museum publication ;  |v no. 272 
504 |a Bibliography: p. 73-74. 
610 2 0 |a Ulster Museum  |v Catalogs. 
650 0 |a Material culture  |z Oceania  |v Catalogs. 
653 0 |a Visual arts 
653 0 |a Pacific region 
655 7 |a Catalogs.  |2 fast 
700 1 |a Glover, Winifred. 
830 0 |a Ulster Museum publication ;  |v no. 272. 
988 |a 20020608 
906 |0 OCLC